000 00584nam a22002057a 4500
005 20250813152202.0
008 250813b |||||||| |||| 00| 0 eng d
037 _cTB
040 _aCRL
_cCRL
041 _2urd
_aurd
084 _aO168m Q0
_qCRL
245 _aAdbiyat-e- sah mahi
260 _aKarchi, Pakistan:
_bAcademy adbiyat,
_c2010.
300 _a985p.
365 _b300
_cINR
650 _2PERIODICALS
700 _aZaman, Fakhar
_eEditor
942 _2CC
_cTB
_hO168m Q0
_n0
999 _c1434746
_d1434746